Culture Générale - Série 287 - Statistiques

Statistiques générales
  • Ce quiz a été pris 259 fois
  • Le résultat moyen est 7 sur 10
Statistiques - réponses
Question Réponse % Correct
Sur un clavier AZERTY, quelle lettre se trouve entre le "S" et le "F" ? Le "D"
98%
Quel animal est la tanche ? Un poisson
95%
Quelle est, après Jupiter, la 2e plus grosse planète du système solaire ? Saturne
84%
Quelle ville française s'appelait Burdigala pendant l'Antiquité ? Bordeaux
83%
Dans quel massif montagneux se situe le col du Simplon ? Les Alpes
81%
Comment appelle-t-on les habitants de Reims ? Les Rémois
74%
Combien faut-il de députés pour constituer un groupe à l'Assemblée Nationale ? 15
54%
Dans quelle ville de France est située l'Ecole nationale d'administration ? Strasbourg
54%
Quel est le prénom de Boutros-Ghali, l'ancien secrétaire général de l'ONU ? Boutros
43%
De quel jeu vient l'expression "souffler n'est pas jouer" ? Les dames
41%
Aucun quiz correspondant
Distribution des résultats
% des personnes avec chaque résultat
Percentile par nombre de réponses
Votre historique - résultats
Vous n’avez pas pris ce quiz